000 01297 a2200253 4500
001 43264
005 20260407155716.0
008 260407a2017 arg spa d
003 AR-UNSa-BCEJYS
040 _aAR-UNSa-BCEJYS
_bspa
_cAR-UNSa-BCEJYS
080 _a347.7
_xDerecho Mercantil. Derecho Comercial
245 1 0 _aElementos de derecho comercial
020 _a978-987-03-3195-7
250 _a2a. ed.
264 1 _aBuenos Aires :
_bLa Ley
_c2017
300 _axlvi, 937 p.
_c24 cm.
505 _a1. Antecedentes del derecho comercial, contenido y caracteres actuales - 2. Fuentes del derecho comercial - 3. El comerciante o empresario individual y colectivo. Auxiliares. Cargas y derechos - 4. Contratos y protección de los consumidores - 5. Contratos de empresa en particular - 6. Mercados financiero y bancario - 7. Garantías - 8. Títulos valores o de crédito - 9. Sociedades - 10. Concursos - 11. Seguros y derecho industrial - 12. Derecho aeronáutico - 13. Derecho de la navegación marítima - 14. Recursos naturales
041 _aspa
942 _cBK
590 _aniveau_biblio:m niveau_hierar:0
100 1 _aGebhardt, Marcelo
700 1 _aGerscovich, Carlos Gustavo
856 4 1 _uhttps://biblioeco.unsa.edu.ar/pmb/images/libros/L126626.jpg
_yImagen de portada
_qimage/jpeg
999 _c3677
_d3677